| 000 | 01396nam a2200385 a 4500 | ||
|---|---|---|---|
| 001 | 000111975 | ||
| 003 | CHAP | ||
| 005 | 20220329144239.0 | ||
| 008 | 151112s2015 mx a fsm |||||||spa d | ||
| 010 | _a108436 | ||
| 011 | _a109408 | ||
| 040 | _cCHAP | ||
| 090 | _aTesis | ||
| 100 | 1 |
_aSánchez Marcelino, Juan José _9130042 |
|
| 245 | 1 | 0 |
_aConcentración de N-NO3-YK+ en ECP y ELF en diferentes CEs en jitomate / _h[En línea] _cpor Juan José Sánchez Marcelino y Iván Andrade Hernández. |
| 260 |
_aChapingo, Méx. : _bEl autor, _c2015. |
||
| 500 | _aPara ver el contenido del material haga clic en la liga | ||
| 502 | _aTesis (Ing. Agr. Esp. en Fitotecnia) -- UACH. Departamento de Fitotecnia | ||
| 590 |
_aBATCH _b00 _c20181121 _lUCH01 _h0758 |
||
| 590 |
_aE11695DGD _b10 _c20151114 _lUCH01 _h1150 |
||
| 590 |
_aE6096MTM _b05 _c20151112 _lUCH01 _h0909 |
||
| 590 |
_aE6096MTM _b05 _c20151112 _lUCH01 _h0911 |
||
| 590 |
_aE6096MTM _b05 _c20151112 _lUCH01 _h0914 |
||
| 650 | 1 | 4 |
_aElementos minerales. _936259 |
| 650 | 1 | 4 |
_aFertirrigación. _940652 |
| 650 | 1 | 4 |
_aSavia _xCirculación. _9102786 |
| 650 | 1 | 4 |
_aSoluciones nutritivas. _9108527 |
| 650 | 1 | 4 |
_aTomate _xNutrición. _9127151 |
| 700 | 1 |
_aAndrade Hernández, Iván _9130043 |
|
| 856 |
_a1 _n0000359 |
||
| 856 |
_aFinding aid _uhttp://10.13.5.2/tesis/sist111975.pdf _zTeclea aquí |
||
| 901 | _aBK | ||
| 942 | _cTESIS | ||
| 942 | _n0 | ||
| 999 |
_c108436 _d108436 |
||